| 000 | 00772nam a22002177a 4500 | ||
|---|---|---|---|
| 999 |
_c19175 _d19175 |
||
| 003 | AR-CdUCM | ||
| 008 | 190417b ||||| |||| 00| 0 spa d | ||
| 040 |
_aMUNICIPALIDAD PROVINCIAL DEL CUSCO _cBIBLIOTECA MUNICIPAL DEL CUSCO |
||
| 082 |
_a299.85 / _bO83 |
||
| 100 |
_aOssio A., Juan M. _932729 |
||
| 245 | _aIdeología mesiánica del mundo andino / | ||
| 260 |
_aLima : _bIgnacio Prado Pastor, _c1973. |
||
| 300 |
_a477 páginas ; _c20 cm. |
||
| 440 |
_aColección Biblioteca de antropología ; _932730 |
||
| 505 | _aContenido: El mesianismo -- El mesianismo contemporáneo Ayacucho -- Ensayos interpretativos. | ||
| 650 |
_aReligión _91195 |
||
| 650 |
_aCampesinos _94401 |
||
| 650 |
_aPerú ideológico _932731 |
||
| 942 |
_2ddc _cLIBROS |
||
| 945 |
_aacv _d2019-05-16 |
||